Sekolah versus madrasah: navigating the varied effects of multilevel factors on student English reading performance. (Record no. 194586)

MARC details
000 -LEADER
fixed length control field 01954nam a22002057a 4500
005 - DATE AND TIME OF LATEST TRANSACTION
control field 20250204160948.0
008 - FIXED-LENGTH DATA ELEMENTS--GENERAL INFORMATION
fixed length control field 250204b |||||||| |||| 00| 0 eng d
040 ## - CATALOGING SOURCE
Transcribing agency LDD
100 ## - MAIN ENTRY--PERSONAL NAME
Personal name Nawas, Abu
245 ## - TITLE STATEMENT
Title Sekolah versus madrasah: navigating the varied effects of multilevel factors on student English reading performance.
260 ## - PUBLICATION, DISTRIBUTION, ETC.
Place of publication, distribution, etc. Routledge Taylor & Francis Group, 2024
300 ## - PHYSICAL DESCRIPTION
Other physical details p. 413-456
490 ## - Journal
Journal Journal Of School Effectiveness And School Improvement
Volume/sequential designation Vol. 35(4)
500 ## - GENERAL NOTE
General note This study examines multilevel factors shaping Indonesian student performances attending non-madrasah/sekolah and madrasah schools. Using multistratified sample design and grouped based on their school system, data from 30 schools, 64 teachers, and 1,319 students were analysed. Focusing on student, teacher, and school-level variables, hierarchical linear modelling revealed that reading difficulties and anxiety, along with school climates emphasizing achievement pressure and discipline, significantly influenced reading outcomes in both groups. Students grappling with heightened learning complexities and anxiety faced the greatest challenges. Interestingly, madrasah students thrived within competitive environments emphasizing high achievement pressure and minimal disciplinary constraints, while sekolah students who excelled in settings that valued discipline over relentless achievement pressure performed better. Unique influences emerged: peer relationships and anxiety directly affected reading scores in sekolah, while gender was the sole predictor in madrasah. Interaction effects among these multilevel factors in shaping student reading achievement across diverse educational settings were revealed.<br/><br/>
650 ## - SUBJECT ADDED ENTRY--TOPICAL TERM
Topical term or geographic name entry element Indonesia
650 ## - SUBJECT ADDED ENTRY--TOPICAL TERM
Topical term or geographic name entry element Islamic
700 ## - ADDED ENTRY--PERSONAL NAME
Personal name Darmawan, I Gusti Ngurah
856 ## - ELECTRONIC LOCATION AND ACCESS
Link text click here to access online
Uniform Resource Identifier <a href="https://www.tandfonline.com/doi/full/10.1080/09243453.2024.2380673">https://www.tandfonline.com/doi/full/10.1080/09243453.2024.2380673</a>
942 ## - ADDED ENTRY ELEMENTS (KOHA)
Source of classification or shelving scheme Dewey Decimal Classification
Koha item type Article
Holdings
Date last seen Total checkouts Price effective from Koha item type Lost status Source of classification or shelving scheme Damaged status Not for loan Withdrawn status Home library Current library Date acquired
02/04/2025   02/04/2025 Article   Dewey Decimal Classification       Library and Documentation Division NCERT Library and Documentation Division NCERT 02/04/2025